| 000 | 00990nam a22002297 4500 | ||
|---|---|---|---|
| 999 |
_c1516 _d1516 |
||
| 003 | AR-BaISA | ||
| 005 | 20231123152907.0 | ||
| 007 | ta | ||
| 008 | 231123s2008 ag ad||| |||| 000 0 spa d | ||
| 020 | _a9789501248500 | ||
| 040 |
_bspa _cAR-BaISA |
||
| 082 | 0 | 4 |
_222 _a613.25 C663 |
| 100 | 1 |
_9384 _aCormillot, Alberto |
|
| 245 | 1 | 0 |
_aCómo adelgazar y mantenerse con el Dr. Cormillot / _cAlberto Cormillot |
| 260 |
_aBuenos Aires: _bPaidós, _c2008 |
||
| 300 |
_a348 p.: _bil., gráfs., tablas |
||
| 504 | _aBibliografía p.: 335-348. | ||
| 505 |
_tPrimero lo primero, primero usted -- _t¿Está sano? -- _t¿Su peso es un problema? -- _tIdeas y estrategias para el cambio -- _tUn plan nutricional a su medida -- _t¡A moverse! -- _tAdiós al "gordo" -- _tANEXO I: Alimentos y nutrición -- _tANEXO II: Peso corporal -- _tANEXO III: Movimiento -- _tANEXO IV: Súper lista de técnicas para el éxito |
||
| 650 | 1 | 0 |
_9482 _aDietas de adelgazamiento |
| 650 | 1 | 0 |
_9961 _aObesidad |
| 942 |
_2ddc _cLI _e22 |
||